Top 30 Biggest Countries - Statistics

General Stats
  • This quiz has been taken 30 times
  • The average score is 25 of 30
Answers on the Map
Answers color-coded by a green-red scale on the quiz's map according to % correct below.
 
Answer Stats
Answer % Correct
Argentina
91%
Brazil
91%
Canada
91%
Russia
91%
Algeria
87%
Australia
87%
Bolivia
87%
D.R.C
87%
Mexico
87%
South Africa
87%
Usa
87%
China
83%
Colombia
83%
Denmark
83%
India
83%
Indonesia
83%
Kazakhstan
83%
Mauritania
83%
Mongolia
83%
Angola
78%
Chad
78%
Egypt
78%
Iran
78%
Libya
78%
Mali
78%
Saudi Arabia
78%
Ethiopia
74%
Peru
74%
Sudan
70%
Niger
57%
No matching quizzes found
Score Distribution
Percent of People with Each Score
Percentile by Number Answered
Your Score History
You have not taken this quiz